[Event "30th NATO Chess Championship"]
[Site "Berlin"]
[Date "2019.09.19"]
[Round "6.43"]
[White "Tikerpuu, Mati"]
[Black "Demjen, Attila"]
[Result "1-0"]
[WhiteElo "1717"]
[BlackElo "1889"]
[PlyCount "109"]
[EventDate "2019.09.16"]
[EventType "team-tourn"]
[EventRounds "7"]
[EventCountry "GER"]
[WhiteTeam "EST"]
[BlackTeam "HUN"]

1. b4 e6 2. Bb2 Nf6 3. a3 d5 4. e3 Be7 5. f4 a5 6. b5 c6 7. Nf3 cxb5 8. Bxb5+
Bd7 9. Nc3 Bxb5 10. Nxb5 O-O 11. O-O Nc6 12. Nbd4 Rc8 13. Rc1 Qb6 14. Rb1 Qa6
15. Nxc6 bxc6 16. Ne5 c5 17. Rf3 Rfd8 18. Rg3 d4 19. d3 dxe3 20. Ng4 Nxg4 21.
Qxg4 g6 22. Rh3 f5 23. Qe2 c4 24. d4 Rb8 25. Rxe3 Kf7 26. Re1 Rb6 27. Kh1 c3
28. Bxc3 Qxe2 29. R3xe2 Rd5 30. a4 Rc6 31. Ba1 Bb4 32. c3 Bd6 33. g3 Bf8 34.
Rb2 Rd7 35. Rb5 Ra6 36. Ree5 Bg7 37. Rxa5 Rc6 38. Rec5 Rb6 39. Rab5 Ra6 40. a5
Bf8 41. Rc8 Be7 42. c4 Rda7 43. Bc3 Rd7 44. Rb6 Raa7 45. Rcc6 Bd8 46. Ra6 Rxa6
47. Rxa6 Bf6 48. d5 Rc7 49. Bxf6 Kxf6 50. Rxe6+ Kf7 51. Rc6 Ra7 52. a6 Ke7 53.
Rb6 Ra8 54. c5 h5 55. Rxg6 1-0

[Event "30th NATO Chess Championship"]
[Site "Berlin"]
[Date "2019.09.19"]
[Round "6.44"]
[White "Kocur, Marc"]
[Black "Sarnovska, Eira"]
[Result "0-1"]
[WhiteElo "1878"]
[BlackElo "1669"]
[PlyCount "110"]
[EventDate "2019.09.16"]
[EventType "team-tourn"]
[EventRounds "7"]
[EventCountry "GER"]
[WhiteTeam "BEL"]
[BlackTeam "LAT"]

1. e4 e6 2. d3 d5 3. Nd2 c5 4. Ngf3 Nc6 5. g3 Nf6 6. Bg2 Be7 7. O-O O-O 8. Re1
b6 9. e5 Nd7 10. Nf1 f6 11. exf6 Bxf6 12. c4 Re8 13. h4 Nf8 14. Ng5 Ne5 15. f4
Nf7 16. Nxf7 Kxf7 17. f5 Bb7 18. fxe6+ Rxe6 19. Rxe6 Nxe6 20. cxd5 Nd4 21. Bg5
Kg8 22. Qg4 Bxg5 23. Qxg5 Qxg5 24. hxg5 Re8 25. Be4 g6 26. Nd2 Rd8 27. d6 Bxe4
28. Nxe4 Kg7 29. Nf6 Nf3+ 30. Kg2 Nxg5 31. Rf1 Nf7 32. Nxh7 Rxd6 33. Rf3 Ne5
34. Re3 Rxd3 35. Rxe5 Kxh7 36. Re7+ Kh6 37. Rxa7 Rd2+ 38. Kf3 Rxb2 39. a4 Kg5
40. a5 bxa5 41. Rxa5 Rc2 42. Ra6 Rc3+ 43. Kf2 c4 44. Rc6 Kf5 45. Ke2 g5 46. Kd2
Rd3+ 47. Ke2 Rd4 48. Ke3 Re4+ 49. Kf3 g4+ 50. Kf2 Ke5 51. Ra6 Kd4 52. Ra3 c3
53. Ra8 Kd3 54. Rd8+ Rd4 55. Rc8 Kd2 0-1

[Event "30th NATO Chess Championship"]
[Site "Berlin"]
[Date "2019.09.19"]
[Round "6.45"]
[White "Millener, Richard"]
[Black "Kruit, Erik"]
[Result "0-1"]
[WhiteElo "1735"]
[BlackElo "1941"]
[PlyCount "82"]
[EventDate "2019.09.16"]
[EventType "team-tourn"]
[EventRounds "7"]
[EventCountry "GER"]
[WhiteTeam "ENG"]
[BlackTeam "NED"]

1. d4 d5 2. Bf4 Nf6 3. e3 e6 4. Nd2 c5 5. c3 Nc6 6. Ngf3 cxd4 7. exd4 Be7 8.
Bd3 O-O 9. Ne5 g6 10. Bh6 Re8 11. h4 Nxe5 12. dxe5 Nd7 13. Nf3 f5 14. Qd2 Nc5
15. Bg5 Ne4 16. Bxe4 dxe4 17. Nd4 h5 18. Qf4 Bd7 19. Rd1 Bxg5 20. hxg5 Qe7 21.
g4 fxg4 22. Qxe4 Qxg5 23. Nf3 Qf5 24. Ng5 Bc6 25. Qxf5 exf5 26. O-O Rxe5 27.
Rd6 Kg7 28. Ne6+ Kh6 29. Nf4 Rg8 30. Rfd1 Re4 31. Ng2 Re2 32. Ne3 Kg5 33. Nc4
Rge8 34. Kf1 h4 35. Ne3 Rxb2 36. a3 h3 37. Nd5 Ree2 38. Rxg6+ Kxg6 39. Nf4+ Kg5
40. Nxe2 Rxe2 41. Kxe2 Bf3+ 0-1

[Event "30th NATO Chess Championship"]
[Site "Berlin"]
[Date "2019.09.19"]
[Round "6.46"]
[White "Kraft, Chip"]
[Black "O`Byrne, Daniel"]
[Result "1-0"]
[WhiteElo "2050"]
[BlackElo "1659"]
[PlyCount "113"]
[EventDate "2019.09.16"]
[EventType "team-tourn"]
[EventRounds "7"]
[EventCountry "GER"]
[WhiteTeam "USA"]
[BlackTeam "ENG"]

1. c4 g6 2. g3 Bg7 3. Bg2 c5 4. Nc3 Nc6 5. e4 e5 6. Nge2 d6 7. O-O Bg4 8. f3
Be6 9. d3 Nd4 10. Rb1 Ne7 11. a3 O-O 12. b4 b6 13. Be3 Qd7 14. Qd2 Rac8 15. Bh6
f5 16. Bxg7 Kxg7 17. bxc5 dxc5 18. Nd5 Nxe2+ 19. Qxe2 Nc6 20. f4 fxe4 21. dxe4
Nd4 22. Qe3 exf4 23. gxf4 Rce8 24. Rbd1 Bxd5 25. Rxd4 cxd4 26. Qxd4+ Kg8 27.
Qxd5+ Qxd5 28. cxd5 Re7 29. d6 Rd7 30. e5 Kg7 31. Bd5 Rxd6 32. exd6 Rf6 33. Bf3
Rxd6 34. Rc1 Rf6 35. Rc7+ Kh6 36. Rxa7 Rxf4 37. Kg2 Rf6 38. Bd5 Rf5 39. Bg8 Ra5
40. Rxh7+ Kg5 41. Rh3 b5 42. Rb3 Kf6 43. Kf3 g5 44. Ke4 Ke7 45. h3 Kd6 46. Bf7
Ke7 47. Bh5 Kd7 48. Be2 Kc6 49. Bxb5+ Kd6 50. a4 Ke6 51. Rc3 Ra7 52. Rc6+ Kf7
53. Kf5 Kg7 54. Kxg5 Kh8 55. h4 Kg7 56. Rd6 Kf8 57. Rd8+ 1-0

[Event "30th NATO Chess Championship"]
[Site "Berlin"]
[Date "2019.09.19"]
[Round "6.47"]
[White "Noviks, Maris"]
[Black "Vael, Steve"]
[Result "0-1"]
[WhiteElo "1905"]
[BlackElo "1602"]
[PlyCount "122"]
[EventDate "2019.09.16"]
[EventType "team-tourn"]
[EventRounds "7"]
[EventCountry "GER"]
[WhiteTeam "LAT"]
[BlackTeam "LUX"]

1. d4 d5 2. Nc3 g6 3. Bf4 a6 4. Nf3 Bg7 5. e3 Nf6 6. h3 Bf5 7. Be2 Nbd7 8. Ne5
O-O 9. g4 Be6 10. h4 Nxe5 11. Bxe5 Qd7 12. f3 h5 13. Bxf6 Bxf6 14. gxh5 gxh5
15. Qd2 Kh7 16. O-O-O Rg8 17. Bd3+ Bf5 18. e4 dxe4 19. Nxe4 Qxd4 20. Nxf6+ Qxf6
21. Qe3 e6 22. Kb1 Rad8 23. Qf4 c6 24. Rh2 Qg6 25. Rhd2 Bxd3 26. cxd3 Rd7 27.
Kc2 Rgd8 28. Qe4 Rd4 29. Qe3 Rxh4 30. Rg1 Qf5 31. Rg5 Qf4 32. Rxh5+ Kg6 33.
Qxf4 Rxf4 34. Rh3 Kf6 35. Re2 Rg8 36. Kd2 Rg5 37. Ke3 Ra4 38. a3 Re5+ 39. Kd2
Rxe2+ 40. Kxe2 Ra5 41. Ke3 Rb5 42. Rh6+ Ke5 43. Rh5+ f5 44. f4+ Kd5 45. Rh2 Rb3
46. Rc2 b5 47. Rd2 c5 48. Kf3 Kd4 49. Ke2 a5 50. Rc2 a4 51. Rd2 b4 52. Rc2 Rxd3
53. Rxc5 bxa3 54. bxa3 Re3+ 55. Kf2 Kxc5 56. Kxe3 Kc4 57. Ke2 Kb3 58. Kd3 Kxa3
59. Kc3 Ka2 60. Kc2 a3 61. Kc1 Kb3 0-1

[Event "30th NATO Chess Championship"]
[Site "Berlin"]
[Date "2019.09.19"]
[Round "6.48"]
[White "Adolfssen, Rico"]
[Black "Gaiducis, Sergejus"]
[Result "1/2-1/2"]
[WhiteElo "1864"]
[BlackElo "1590"]
[PlyCount "73"]
[EventDate "2019.09.16"]
[EventType "team-tourn"]
[EventRounds "7"]
[EventCountry "GER"]
[WhiteTeam "DEN"]
[BlackTeam "LTU"]

1. e4 e5 2. f4 exf4 3. Nf3 d5 4. exd5 Qxd5 5. d4 Bd6 6. Nc3 Qe6+ 7. Be2 Nf6 8.
O-O O-O 9. Re1 Qd7 10. Bb5 c6 11. Bd3 Re8 12. Ne4 Nxe4 13. Bxe4 Na6 14. Bd2 f5
15. Bd3 Rxe1+ 16. Qxe1 Nc7 17. Bc4+ Nd5 18. Qh4 Qc7 19. Re1 Bd7 20. Bb3 Re8 21.
Rxe8+ Bxe8 22. c4 Be7 23. Qe1 Nf6 24. Ne5 g5 25. c5+ Kg7 26. Be6 Bg6 27. h4 h6
28. Qb1 Ne4 29. Bc3 Nxc3 30. bxc3 Bh5 31. hxg5 Bxg5 32. Qxf5 Qe7 33. Nf3 Bg6
34. Qg4 Kf6 35. Bc8 b6 36. cxb6 axb6 37. Ne5 1/2-1/2

[Event "30th NATO Chess Championship"]
[Site "Berlin"]
[Date "2019.09.19"]
[Round "6.49"]
[White "Steen, Kris"]
[Black "Smit, Jan"]
[Result "1-0"]
[WhiteElo "1526"]
[BlackElo "1808"]
[PlyCount "65"]
[EventDate "2019.09.16"]
[EventType "team-tourn"]
[EventRounds "7"]
[EventCountry "GER"]
[WhiteTeam "BEL"]
[BlackTeam "NED"]

1. c4 d6 2. Nc3 Nf6 3. g3 g6 4. Bg2 Bg7 5. e3 O-O 6. Nge2 e5 7. O-O Be6 8. Bxb7
Nbd7 9. Bxa8 Qxa8 10. f3 Bxc4 11. b3 Bd3 12. Ba3 e4 13. f4 Nd5 14. Nxd5 Qxd5
15. Rc1 c5 16. Nc3 Qb7 17. Rf2 Nf6 18. h3 Qd7 19. Rh2 Nh5 20. Qe1 f5 21. Bb2
Rb8 22. Ba1 d5 23. Ne2 c4 24. Bxg7 Nxg7 25. bxc4 dxc4 26. Nc3 Ne6 27. g4 Nc5
28. gxf5 Qxf5 29. Qg3 Kf7 30. Qg5 Ke6 31. Qxf5+ Kxf5 32. Rg2 Rb2 33. Rg5+ 1-0

[Event "30th NATO Chess Championship"]
[Site "Berlin"]
[Date "2019.09.19"]
[Round "6.50"]
[White "Abbate, Giovanni"]
[Black "Ntalabiras, Spyros"]
[Result "1-0"]
[WhiteElo "1600"]
[BlackElo "1806"]
[PlyCount "71"]
[EventDate "2019.09.16"]
[EventType "team-tourn"]
[EventRounds "7"]
[EventCountry "GER"]
[WhiteTeam "ITA"]
[BlackTeam "GRE"]

1. e4 c5 2. g3 d5 3. Bg2 dxe4 4. Bxe4 Nf6 5. Bg2 Nc6 6. d3 e5 7. Bxc6+ bxc6 8.
Bg5 h6 9. Be3 Bg4 10. f3 Be6 11. Qd2 Bd6 12. Nc3 Nd5 13. Ne4 Nxe3 14. Qxe3 Be7
15. Ne2 O-O 16. g4 Qa5+ 17. N2c3 Bh4+ 18. Ke2 c4 19. g5 cxd3+ 20. cxd3 hxg5 21.
Nxg5 Bf5 22. Nge4 Rad8 23. Rhg1 Bg6 24. Rg4 f5 25. Rxg6 fxe4 26. Nxe4 Rf4 27.
Rag1 Rd7 28. Rh6 Qd8 29. Rhg6 Rdf7 30. Nc5 Qb6 31. Qxe5 Bf6 32. Qxf4 Qxc5 33.
Qb8+ Kh7 34. R6g3 Qc2+ 35. Kf1 Re7 36. Rh3+ 1-0

[Event "30th NATO Chess Championship"]
[Site "Berlin"]
[Date "2019.09.19"]
[Round "6.51"]
[White "Meiers, Gundars"]
[Black "Sass, Andrew"]
[Result "1-0"]
[WhiteElo "1785"]
[BlackElo "1551"]
[PlyCount "59"]
[EventDate "2019.09.16"]
[EventType "team-tourn"]
[EventRounds "7"]
[EventCountry "GER"]
[WhiteTeam "LAT"]
[BlackTeam "CAN"]

{[%evp 0,26,29,17,36,4,11,10,12,12,6,-1,72,79,54,52,73,74,84,76,126,126,131,
134,209,192,354,354,29999]} 1. Nf3 e6 2. c4 Nf6 3. Nc3 Nc6 4. d4 d5 5. cxd5
Nxd5 6. e4 Nxc3 7. bxc3 a6 8. Bd3 h6 9. Be3 Na7 10. O-O Bd7 11. Ne5 Bb5 12. c4
Bd7 13. Qh5 Qf6 14. Nxd7 Kxd7 15. e5 Qe7 16. d5 g6 17. Qh3 Bg7 18. Rad1 Ke8 19.
dxe6 Qxe6 20. Qxe6+ fxe6 21. Bxg6+ Kf8 22. Bc5+ Kg8 23. f4 b6 24. Be3 c5 25.
Rd7 Nc6 26. Bf7+ Kf8 27. Bxe6 Ra7 28. Rxa7 Nxa7 29. Rd1 Ke8 30. Rd7 1-0

[Event "30th NATO Chess Championship"]
[Site "Berlin"]
[Date "2019.09.19"]
[Round "6.52"]
[White "Ulusoy, Mustafa"]
[Black "Echavarria Hidalgo, Fernando"]
[Result "1/2-1/2"]
[WhiteElo "1625"]
[BlackElo "1750"]
[PlyCount "21"]
[EventDate "2019.09.16"]
[EventType "team-tourn"]
[EventRounds "7"]
[EventCountry "GER"]
[WhiteTeam "TUR"]
[BlackTeam "CAN"]

1. d4 Nf6 2. Nf3 e6 3. Bg5 Be7 4. c4 h6 5. Bh4 c5 6. e3 cxd4 7. exd4 Nc6 8. a3
Qa5+ 9. Nbd2 Qb6 10. Qb3 Qxb3 11. Nxb3 1/2-1/2

[Event "30th NATO Chess Championship"]
[Site "Berlin"]
[Date "2019.09.19"]
[Round "6.53"]
[White "Ward, James"]
[Black "Tremblay, Mario"]
[Result "1-0"]
[WhiteElo "1923"]
[BlackElo "1652"]
[PlyCount "50"]
[EventDate "2019.09.16"]
[EventType "team-tourn"]
[EventRounds "7"]
[EventCountry "GER"]
[WhiteTeam "ENG"]
[BlackTeam "CAN"]

{[%evp 0,136,29,31,31,31,34,4,14,11,21,21,21,19,10,15,22,-6,14,5,19,8,23,7,23,
6,13,-268,-44,-194,-202,-316,-316,-345,-345,-345,-345,-345,-345,-470,-369,-345,
-292,-292,-277,-277,-51,-59,-59,-139,-93,-97,-86,-97,-102,-96,-108,-132,-142,
-150,-150,-162,-150,-150,-150,-150,-135,-172,-180,-205,-204,-242,-228,-239,
-186,-241,-158,-153,-141,-141,-146,-147,-105,-70,-62,-229,-229,-375,0,-59,-41,
-93,0,0,0,0,0,0,0,0,0,0,0,0,0,0,0,0,0,-31,0,0,0,0,0,0,0,-864,0,0,0,0,0,0,0,
-29973,-29974,-29975,-29972,-29981,-29982,-29983,-29984,-29985,-29986,-29987,
-29988,-29989,-29978]} 1. e4 e5 2. Nf3 Nc6 3. Nc3 Bc5 4. Bc4 Nge7 5. Na4 Bb6 6.
Nxb6 axb6 7. d4 exd4 8. Nxd4 h6 9. O-O d6 10. f4 O-O 11. f5 d5 12. exd5 Nxd5
13. Nxc6 bxc6 14. Bxd5 cxd5 15. f6 Qd6 16. fxg7 Kxg7 17. Qd4+ f6 18. Bf4 Qd7
19. Rf3 Qf7 20. Rg3+ Kh7 21. Qd3+ f5 22. Rh3 h5 23. Qf3 Rg8 24. Rxh5+ Kg7 25.
Qc3+ Kf8 1-0

[Event "30th NATO Chess Championship"]
[Site "Berlin"]
[Date "2019.09.19"]
[Round "6.54"]
[White "Landry-Girard, Simon"]
[Black "Cappon, Kaan"]
[Result "0-1"]
[WhiteElo "1096"]
[BlackElo "1841"]
[PlyCount "119"]
[EventDate "2019.09.16"]
[EventType "team-tourn"]
[EventRounds "7"]
[EventCountry "GER"]
[WhiteTeam "CAN"]
[BlackTeam "BEL"]

1. e4 c5 2. Nf3 d6 3. Nc3 a6 4. Bc4 Nf6 5. Ng5 e6 6. d3 Be7 7. Qf3 Nc6 8. Qd1
O-O 9. a3 d5 10. Ba2 h6 11. Nf3 dxe4 12. Nxe4 Nxe4 13. dxe4 Qxd1+ 14. Kxd1 Rd8+
15. Ke2 b5 16. Bd2 Bf6 17. c3 Bb7 18. Rad1 c4 19. Be3 Rxd1 20. Rxd1 Rd8 21.
Rxd8+ Bxd8 22. Bb1 e5 23. g4 Bc8 24. h3 h5 25. Nh2 hxg4 26. hxg4 Be7 27. f3 Kf8
28. Nf1 Ke8 29. Ng3 g6 30. Bc2 Be6 31. Kd2 Kd7 32. Bb1 Kc7 33. Bc2 a5 34. Kc1
b4 35. a4 Nd8 36. Kd2 Kc6 37. Ne2 Nb7 38. Nc1 b3 39. Bd1 Nc5 40. Bxc5 Kxc5 41.
Ke1 Bg5 42. Ne2 Be3 43. Ng3 Bd7 44. Ne2 Bxa4 45. Kf1 Bd7 46. Kg2 f5 47. Kg3
fxe4 48. fxe4 Bc6 49. Kf3 Bg5 50. Nd4 exd4 51. cxd4+ Kxd4 52. Kg3 Bc1 53. Bf3
Bxb2 54. g5 Bxe4 55. Bxe4 Kxe4 56. Kf2 c3 57. Ke2 c2 58. Kd2 c1=Q+ 59. Ke2 Qc2+
60. Kf1 0-1

[Event "30th NATO Chess Championship"]
[Site "Berlin"]
[Date "2019.09.19"]
[Round "6.55"]
[White "Stuhr, Finn"]
[Black "Langer, Herb"]
[Result "0-1"]
[WhiteElo "1698"]
[BlackElo "1751"]
[PlyCount "136"]
[EventDate "2019.09.16"]
[EventType "team-tourn"]
[EventRounds "7"]
[EventCountry "GER"]
[WhiteTeam "DEN"]
[BlackTeam "CAN"]

{[%evp 0,136,29,29,31,31,30,13,4,-1,32,28,21,21,21,16,2,-6,23,26,26,19,27,23,
29,7,23,-280,-53,-193,-194,-310,-313,-345,-345,-345,-345,-345,-345,-470,-369,
-352,-353,-353,-277,-277,-51,-59,-59,-144,-86,-93,-86,-95,-95,-95,-97,-130,
-132,-159,-145,-153,-151,-145,-150,-169,-135,-180,-172,-204,-215,-219,-230,
-242,-194,-240,-165,-155,-165,-161,-133,-131,-105,-70,-62,-229,-229,-300,0,-56,
-59,-101,0,0,0,0,0,0,0,0,0,0,0,0,0,0,0,0,0,-31,0,0,0,0,0,0,0,-934,0,0,0,0,0,0,
0,-29973,-29974,-29975,-29974,-29981,-29982,-29983,-29984,-29985,-29986,-29987,
-29988,-29989,-29978]} 1. e4 e6 2. d4 d5 3. e5 c5 4. c3 cxd4 5. cxd4 Nc6 6. Nf3
Nge7 7. Bd3 Qb6 8. a3 Bd7 9. Bc2 g6 10. Nc3 Bg7 11. Na4 Qc7 12. O-O O-O 13. Nh4
Rac8 14. Nc5 Nxd4 15. Nxd7 Nxc2 16. Nxf8 Nxa1 17. Nxe6 fxe6 18. Bg5 Nc2 19. Qd2
Nf5 20. Nxf5 gxf5 21. Bf6 Qd7 22. Rc1 Nxa3 23. Rxc8+ Qxc8 24. bxa3 Qc7 25. g3
Qf7 26. Qc3 Bxf6 27. exf6 h5 28. Qc8+ Kh7 29. h4 Kg6 30. Qc1 Qxf6 31. Qc8 Qf7
32. Qb8 b6 33. Qf4 Qe7 34. a4 e5 35. Qd2 d4 36. Kg2 a6 37. Kh2 b5 38. Qa5 bxa4
39. Qxa6+ Qf6 40. Qxa4 e4 41. Qe8+ Kh6 42. Qb8 f4 43. Kg1 f3 44. Qb2 Kg6 45.
Qb3 Kf5 46. Qd5+ Qe5 47. Qf7+ Qf6 48. Qxh5+ Ke6 49. Qe8+ Kd5 50. Qb5+ Ke6 51.
Qc6+ Ke5 52. Qc5+ Ke6 53. Qc4+ Ke5 54. Kf1 Qb6 55. Qc1 e3 56. fxe3 dxe3 57.
Qc3+ Kf5 58. Qd3+ Ke5 59. Qc3+ Qd4 60. Qc7+ Kf5 61. Qc8+ Ke4 62. Qc2+ Qd3+ 63.
Qxd3+ Kxd3 64. Ke1 f2+ 65. Kf1 Kd2 66. h5 e2+ 67. Kxf2 e1=Q+ 68. Kf3 Qd1+ 0-1

[Event "30th NATO Chess Championship"]
[Site "Berlin"]
[Date "2019.09.19"]
[Round "6.56"]
[White "Murray, Brian"]
[Black "Ivanovs, Aleksejs"]
[Result "0-1"]
[WhiteElo "1491"]
[BlackElo "1757"]
[PlyCount "38"]
[EventDate "2019.09.16"]
[EventType "team-tourn"]
[EventRounds "7"]
[EventCountry "GER"]
[WhiteTeam "CAN"]
[BlackTeam "LAT"]

1. e4 e5 2. Nf3 Nc6 3. c3 d5 4. d3 dxe4 5. dxe4 Qxd1+ 6. Kxd1 Bg4 7. Bd2 Nf6 8.
Bd3 O-O-O 9. Kc2 Bc5 10. Ng5 Rd7 11. f3 Bh5 12. g4 Bg6 13. b4 Bd6 14. a4 a5 15.
Na3 axb4 16. cxb4 h6 17. Nh3 Nd4+ 18. Kc3 Nxf3 19. Nc4 Nxe4+ 0-1

[Event "30th NATO Chess Championship"]
[Site "Berlin"]
[Date "2019.09.19"]
[Round "6.57"]
[White "Ghiacy, Jelani"]
[Black "Nelder, Allan"]
[Result "0-1"]
[WhiteElo "1238"]
[BlackElo "1645"]
[PlyCount "63"]
[EventDate "2019.09.16"]
[EventType "team-tourn"]
[EventRounds "7"]
[EventCountry "GER"]
[WhiteTeam "CAN"]
[BlackTeam "ENG"]

1. e4 d6 2. Bc4 Nf6 3. d3 g6 4. Nf3 Bg7 5. Nc3 c6 6. a3 d5 7. exd5 cxd5 8. Ba2
O-O 9. O-O Nc6 10. d4 a6 11. Be3 Qc7 12. h3 e6 13. Qd2 Bd7 14. Ne2 Ne4 15. Qc1
Rac8 16. c3 Na5 17. Bh6 Ba4 18. Bxg7 Kxg7 19. Qe3 f5 20. Nf4 Rfe8 21. Ne5 Bb5
22. Rfe1 Bc4 23. Nxc4 Nxc4 24. Qc1 Nxb2 25. Re2 Nc4 26. Bxc4 Qxc4 27. Rc2 e5
28. Ne2 exd4 29. Nxd4 Nxc3 30. Qd2 Ne2+ 31. Nxe2 Qxc2 32. Qxd5 0-1

[Event "30th NATO Chess Championship"]
[Site "Berlin"]
[Date "2019.09.20"]
[Round "7.1"]
[White "Everett, Elijah"]
[Black "Pavlidis, Anastasios"]
[Result "1-0"]
[WhiteElo "2187"]
[BlackElo "2338"]
[PlyCount "131"]
[EventDate "2019.09.16"]
[EventType "team-tourn"]
[EventRounds "7"]
[EventCountry "GER"]

1. e4 c5 2. Nf3 Nc6 3. d4 cxd4 4. Nxd4 e5 5. Nb5 d6 6. N1c3 a6 7. Na3 b5 8. Nd5
Nge7 9. c4 Nd4 10. Be3 Nxd5 11. cxd5 Be7 12. Bd3 O-O 13. O-O Bd7 14. Qd2 Rc8
15. Rac1 Qb6 16. Nc2 Bf6 17. f3 a5 18. Nxd4 exd4 19. Bf2 g6 20. b4 axb4 21.
Qxb4 Ra8 22. Rc2 Ra4 23. Qb1 Rb8 24. Rb2 Qa6 25. f4 Ra3 26. Re1 Qc8 27. e5 Qc3
28. Rb3 Rxb3 29. Qxb3 dxe5 30. fxe5 Bg7 31. e6 fxe6 32. dxe6 Qxb3 33. axb3 Be8
34. Rc1 Rb6 35. Rc8 Kf8 36. Kf1 Bf6 37. Be1 Be7 38. Ba5 Rxe6 39. Bxb5 Bd6 40.
Bd2 Re4 41. g3 Kf7 42. Rxe8 Rxe8 43. Bxe8+ Kxe8 44. Ke2 Ke7 45. Kd3 Bc5 46. Kc4
Ba7 47. Kd5 Kf6 48. g4 h5 49. h3 hxg4 50. hxg4 Ke7 51. Bc1 Kd7 52. Bb2 d3 53.
Bc1 Bf2 54. Bd2 Kc7 55. Kc4 Kc6 56. Kxd3 Kb5 57. Ke4 Bg3 58. Kd5 g5 59. Ke4 Kc5
60. Kf5 Kd5 61. Bxg5 Be1 62. Be7 Kc6 63. Ke6 Bd2 64. g5 Kb5 65. g6 Bh6 66. Kf7
1-0

[Event "30th NATO Chess Championship"]
[Site "Berlin"]
[Date "2019.09.20"]
[Round "7.2"]
[White "Wang, Eigen"]
[Black "Sypien, Mateusz"]
[Result "1/2-1/2"]
[WhiteElo "2193"]
[BlackElo "2243"]
[PlyCount "53"]
[EventDate "2019.09.16"]
[EventType "team-tourn"]
[EventRounds "7"]
[EventCountry "GER"]

1. d4 Nf6 2. c4 g6 3. Nc3 Bg7 4. e4 d6 5. Nf3 O-O 6. Be2 e5 7. O-O Nc6 8. d5
Ne7 9. Ne1 c5 10. Nd3 Ne8 11. f4 b6 12. Rb1 f5 13. Bf3 Rb8 14. a3 fxe4 15. Nxe4
exf4 16. Bxf4 Nf5 17. b4 Rb7 18. bxc5 bxc5 19. Rxb7 Bxb7 20. Qa4 a6 21. Bg5 Qc7
22. Nf4 Bd4+ 23. Kh1 Neg7 24. Re1 Be5 25. Nd3 Bd4 26. Nf4 Be5 27. Nd3 1/2-1/2

[Event "30th NATO Chess Championship"]
[Site "Berlin"]
[Date "2019.09.20"]
[Round "7.4"]
[White "Pietruszewski, Marcin"]
[Black "Andersen, Hans Christoph"]
[Result "1/2-1/2"]
[WhiteElo "2215"]
[BlackElo "2201"]
[PlyCount "96"]
[EventDate "2019.09.16"]
[EventType "team-tourn"]
[EventRounds "7"]
[EventCountry "GER"]

1. e4 c6 2. d4 d5 3. e5 Bf5 4. Nf3 e6 5. Be2 c5 6. Be3 cxd4 7. Nxd4 Ne7 8. O-O
Nbc6 9. Bb5 a6 10. Bxc6+ bxc6 11. c4 Qd7 12. c5 Bxb1 13. Rxb1 Ng6 14. Nf3 a5
15. Qc2 Be7 16. b4 axb4 17. Rxb4 O-O 18. Rfb1 Ra7 19. a4 Qc7 20. Bd4 Rfa8 21.
Ra1 Nf8 22. Ne1 Nd7 23. Nd3 Rb7 24. Rab1 Rab8 25. Qc3 Bd8 26. f4 Rxb4 27. Rxb4
Rxb4 28. Qxb4 Qb8 29. Bc3 Qxb4 30. Bxb4 Nb8 31. Kf2 Kf8 32. Ke3 Ke8 33. Kd4 Kd7
34. Nc1 Kc8 35. Nb3 Kb7 36. Be1 Ka7 37. g4 g6 38. Bd2 Kb7 39. Be1 Kc8 40. h3
Kb7 41. Ke3 Nd7 42. Bc3 Be7 43. Bd4 Nf8 44. Kf3 Kc7 45. Bf2 Kb7 46. Bd4 Kc7 47.
Bc3 Nd7 48. Bd4 Nf8 1/2-1/2

[Event "30th NATO Chess Championship"]
[Site "Berlin"]
[Date "2019.09.20"]
[Round "7.5"]
[White "Wantiez, Fabrice"]
[Black "Sycz, Dariusz"]
[Result "1/2-1/2"]
[WhiteElo "2225"]
[BlackElo "2215"]
[PlyCount "162"]
[EventDate "2019.09.16"]
[EventType "team-tourn"]
[EventRounds "7"]
[EventCountry "GER"]

1. e4 d6 2. d4 Nf6 3. Nc3 e5 4. Nf3 Nbd7 5. g3 Be7 6. Bg2 c6 7. a4 O-O 8. O-O
Re8 9. Re1 Qc7 10. h3 Nf8 11. Be3 Bd7 12. Kh2 Ng6 13. Qd3 Rad8 14. a5 b5 15.
axb6 axb6 16. Qc4 exd4 17. Nxd4 Ne5 18. Qf1 b5 19. f4 Nc4 20. Bc1 Bf8 21. b3
Nb6 22. Bb2 b4 23. Nd1 d5 24. e5 Ne4 25. Bxe4 dxe4 26. Nf2 c5 27. Nb5 Qc6 28.
c4 bxc3 29. Nxc3 Be6 30. Nfxe4 Bxb3 31. Qb5 Qxb5 32. Nxb5 Rd3 33. Ba3 Bd5 34.
Nc7 Rc8 35. Nxd5 Rxd5 36. Rec1 Nd7 37. Rc3 Rd4 38. Re1 h6 39. Kg2 Ra4 40. Kf3
Rd4 41. Rec1 Rd5 42. R1c2 Rc6 43. Rd2 Rxd2 44. Nxd2 f6 45. Ke4 fxe5 46. fxe5
Re6 47. Nc4 Re8 48. Kd5 Rd8 49. Kc6 Nb8+ 50. Kc7 Re8 51. Rf3 Na6+ 52. Kd7 Re7+
53. Kc6 Re6+ 54. Kd5 Nc7+ 55. Ke4 Ra6 56. Bb2 Ra4 57. Kd3 Ne6 58. h4 Be7 59.
Rf1 Rb4 60. Bc3 Rb7 61. Ra1 Rd7+ 62. Ke4 Kf7 63. Ra6 g6 64. Ne3 h5 65. Nd5 Rb7
66. Ra8 Rd7 67. Rh8 Kg7 68. Re8 Kf7 69. Rxe7+ Rxe7 70. Nxe7 Kxe7 71. Kd5 g5 72.
hxg5 Nxg5 73. Bd2 Nf3 74. Be3 c4 75. Bc5+ Kd7 76. e6+ Ke8 77. Kxc4 h4 78. g4 h3
79. Bd6 h2 80. Bxh2 Nxh2 81. g5 Nf3 1/2-1/2

[Event "30th NATO Chess Championship"]
[Site "Berlin"]
[Date "2019.09.20"]
[Round "7.7"]
[White "Kersic, Matej"]
[Black "Helbig, Mark"]
[Result "1/2-1/2"]
[WhiteElo "2122"]
[BlackElo "2332"]
[PlyCount "160"]
[EventDate "2019.09.16"]
[EventType "team-tourn"]
[EventRounds "7"]
[EventCountry "GER"]

1. e4 g6 2. d4 Bg7 3. Nf3 d6 4. h3 Nf6 5. Bd3 O-O 6. O-O Nbd7 7. c3 e5 8. Be3
Re8 9. Nbd2 a5 10. Qc2 b6 11. Rfe1 Bb7 12. Rad1 Qe7 13. d5 Qf8 14. g4 Qe7 15.
Nh2 h6 16. Kg2 c6 17. c4 Nc5 18. Nhf1 cxd5 19. cxd5 Rec8 20. Qb1 Nxd3 21. Qxd3
Ba6 22. Qb1 Nd7 23. Rc1 Nc5 24. Nc4 Rab8 25. b3 Qd8 26. f3 Bf8 27. Red1 Kh7 28.
Qb2 Be7 29. Qd2 Bg5 30. Nb2 Qe7 31. Rc3 Rg8 32. Ng3 b5 33. Rc2 Bxe3 34. Qxe3
Rgc8 35. Rdc1 Qg5 36. Qxg5 hxg5 37. Nf1 Kg7 38. Ne3 Kf6 39. Kg3 Rh8 40. Rh2
Rbc8 41. Rhc2 Ke7 42. Kg2 Rhd8 43. Kg3 Ra8 44. Rd1 Rdc8 45. Rdc1 Nd7 46. Rxc8
Rxc8 47. Rxc8 Bxc8 48. Kf2 Nc5 49. Ke2 Ba6 50. Kd2 Kd7 51. Kc2 Kc7 52. Kd2 Kb6
53. Kc2 Nd7 54. Kd2 Kc7 55. Kc2 Nb6 56. Kd2 Bc8 57. a3 Bd7 58. Kc3 Be8 59. b4
a4 60. Kd2 Bd7 61. Nbd1 Nc8 62. Nc3 Ne7 63. Ke2 Kb6 64. Kf2 Kc7 65. Kg3 Kd8 66.
h4 gxh4+ 67. Kxh4 f6 68. Ng2 Ke8 69. Kg3 g5 70. Ne2 Kf7 71. Ne3 Kg7 72. Kf2 Kf7
73. Ng3 Kg6 74. Ke2 Kf7 75. Kd3 Kg6 76. Nd1 Kf7 77. Nf5 Nxf5 78. exf5 Ke7 79.
Nc3 Be8 80. Ne4 Bd7 1/2-1/2

[Event "30th NATO Chess Championship"]
[Site "Berlin"]
[Date "2019.09.20"]
[Round "7.9"]
[White "Binder, Tamas"]
[Black "Hansen, Stefan"]
[Result "1/2-1/2"]
[WhiteElo "2261"]
[BlackElo "2120"]
[PlyCount "31"]
[EventDate "2019.09.16"]
[EventType "team-tourn"]
[EventRounds "7"]
[EventCountry "GER"]

1. d4 f5 2. Nf3 Nf6 3. g3 e6 4. Bg5 d5 5. Bxf6 Qxf6 6. e3 Bd6 7. c4 c6 8. Nc3
O-O 9. Qb3 Kh8 10. Bg2 Nd7 11. a3 dxc4 12. Qxc4 e5 13. O-O e4 14. Nd2 Nb6 15.
Qe2 Be6 16. f3 1/2-1/2